La vie de Simon Bolivar / (Record no. 88019)

MARC details
000 -LEADER
campo de control de longitud fija 00736nam a2200241 i 4500
001 - NÚMERO DE CONTROL
campo de control 88019
003 - IDENTIFICADOR DE NÚMERO DE CONTROL
campo de control ES-MaACL
005 - FECHA Y HORA DE LA ÚLTIMA TRANSACCIÓN
campo de control 20250928102044.0
007 - CAMPO FIJO DE DESCRIPCIÓN FÍSICA--INFORMACIÓN GENERAL
campo de control de longitud fija t|
008 - DATOS DE LONGITUD FIJA--INFORMACIÓN GENERAL
campo de control de longitud fija 041230s1930 fr ||||1| fre d
080 ## - NÚMERO DE LA CLASIFICACIÓN DECIMAL UNIVERSAL
Número de la Clasificación Decimal Universal 929 Bolivar, Simón
100 1# - ENTRADA PRINCIPAL--NOMBRE DE PERSONA
Nombre de persona Lafond, Georges.
9 (RLIN) 69500
245 13 - MENCIÓN DEL TÍTULO
Título La vie de Simon Bolivar /
Mención de responsabilidad, etc. par Georges Lafond et Gabriel Tersane.
250 ## - MENCION DE EDICION
Mención de edición 9eme ed.
260 ## - PUBLICACIÓN, DISTRIBUCIÓN, ETC.
Lugar de publicación, distribución, etc. Paris :
Nombre del editor, distribuidor, etc. Gallimard,
Fecha de publicación, distribución, etc. 1930.
300 ## - DESCRIPCIÓN FÍSICA
Extensión 305 p., [1] h. de lám. ;
Dimensiones 19 cm.
490 1# - MENCIÓN DE SERIE
Mención de serie Vies des hommes illustres ;
Designación de volumen o secuencia 53
600 14 - PUNTO DE ACCESO ADICIONAL DE MATERIA--NOMBRE DE PERSONA
Nombre de persona Bolívar, Simón,
Fechas asociadas al nombre 1783-1830
9 (RLIN) 29964
700 1# - ENTRADA AGREGADA--NOMBRE PERSONAL
Nombre de persona Tersane, Gabriel.
9 (RLIN) 142793
830 0# - PUNTO DE ACCESO ADICIONAL DE SERIE-TÍTULO UNIFORME
Título uniforme Vies des hommes illustres ;
Designación de volumen o secuencia 53
9 (RLIN) 182839
852 ## - LOCALIZACIÓN
Ubicación ES-MaACL
Número de control de estantería B-5884
Holdings
Estatus retirado Estado de pérdida Estado de daño No para préstamo Biblioteca de origen Biblioteca actual Ubicación en estantería Fecha de adquisición Fuente de adquisición Total de préstamos Signatura topográfica completa Código de barras Visto por última vez Precio de reemplazo Tipo de ítem Koha
        Biblioteca del Ateneo de Madrid Biblioteca del Ateneo de Madrid Sala Pardo Bazán 17/01/2008     B-5884 1091944 23/02/2023 23/02/2023 Libro impreso